Alex + Dmitri Camper Quiz - Statistics

General Stats
  • This quiz has been taken 9 times
    4 since last reset
  • The average score is 36 of 63
Answer Stats
Hint Answer % Correct
Week 1 Andrew
100%
Week 1 Ben Gustkey
75%
Week 3 Cade
75%
Week 3 Chris Petrick
75%
Week 3 Connor Kelly
75%
Week 2 Daniel Alexander
75%
Week 3 Daniel Dzubak
75%
Week 3 + Daniel Dzubak
75%
Fall Encounter Eli Mastroberte
75%
Week 3 Eli Sakmar
75%
Week 3 + Ethan
75%
Fall Encounter + Ethan
75%
Week 1 Ethan Chendorain
75%
Week 2 Ethan Dickinson
75%
Week 2 Hunter Harendza
75%
Week 3 Kade Kniffen
75%
Week 1 + Kade Kniffen
75%
Week 1 Kurtis
75%
Week 3 Leo Rael
75%
Week 1 Luke Bokach
75%
Week 1 Luke Delida
75%
Week 1 Luke (something)
75%
Week 1 Luke Wan
75%
Week 3 Nick Benc
75%
Week 2 Nick Ditmore
75%
Fall Encounter Nick Dutko
75%
Fall Encounter Nick Murray
75%
Week 3 Nika
75%
Week 3 Owen Moriak
75%
Week 1 Seth Weaver
75%
Week 3 Stas
75%
Week 1 + Stas
75%
Week 2 Ty Aukema
75%
Week 2 Ty Kniffen
75%
Week 1 Vasili Karavitis
75%
Week 3 Will Erber
75%
Week 1 + Will Erber
75%
Week 3 Allen Dzubak
50%
Fall Encounter Blaise Mastroberte
50%
Week 3 Kaden
50%
Fall Encounter * Laz Dutko
50%
Week 1 Lev
50%
Week 3 Michael Browne
50%
Week 3 Michael McAusland
50%
Week 2 Michael Verbanick
50%
Week 3 Michal Cima
50%
Week 2 Morgan Davis
50%
Week 1 Seraphim Stagon
50%
Week 1 Gabe
25%
Week 2 Jack McKernan
25%
Week 2 J.P.
25%
Week 2 Matthew Muhlenberg
25%
Week 2 Parker Mykut
25%
Week 2 Theo Marshall
25%
Week 2 :( Tyler Dodson
25%
Fall Encounter Victor VanDuin
25%
Week 3 ???
0%
Week 2 Basil Birthisel
0%
Week 2 Brenden Lomago
0%
Fall Encounter Ean
0%
Fall Encounter Mitchell K
0%
Week 2 Roman Kalaluhi
0%
Week 2 Tobin Zankey
0%
No matching quizzes found
Score Distribution
Percent of People with Each Score
Percentile by Number Answered
Your Score History
You have not taken this quiz since the last reset